Word Ladder: Shades of Blue Quiz Stats

 Plays Quiz Updated Apr 10, 2018

Challenge
Share
Tweet
Embed
Score 0/29 Timer 03:00
0 Plays Today
Hint 4-Letter Word % Correct
Colored circle of your eyeIRIS
95.7%
An infantBABY
93.6%
American Psycho actor: Christian ____BALE
91.8%
1995 family film about sheep herding pigBABE
91.6%
StoryTALE
90.6%
Branch of the armed forces that operates at seaNAVY
90.2%
ApplaudCLAP
87.2%
Place where chickens are keptCOOP
84.4%
Sound of a horse's hoofCLOP
83.5%
Having curls, curves or undulationsWAVY
81.5%
Large, natural underground spaceCAVE
81.4%
Léon actor: ____ OldmanGARY
79.5%
The main body of a churchNAVE
79.5%
Where to watch the BBC in the UKTELE
79.4%
Group of people united by kinship or descentCLAN
79.2%
Hint 4-Letter Word % Correct
Spanish for greyGRIS
78.9%
Chelsea, Manchester United, ArsenalTEAM
78.2%
Streetcar or trolley carTRAM
77.8%
In poker, behavior that exposes a player's positionTELL
76.8%
Cautious, anxiousWARY
76.7%
Cut down to sizeTRIM
76.7%
Small bay or coastal inletCOVE
75.2%
Pittsburgh Pirates player: ____ SánchezGABY
75%
Male horse under 4 years oldCOLT
72.1%
Dire, badGRIM
71.9%
Small duck with a chestnut head with dark patchesTEAL
71.5%
Medium sized, aquatic bird with black plumageCOOT
65.5%
The C in the CMYK color model used in printingCYAN
65.2%
L.A. Noire character: ____ PhelpsCOLE
65%

Today's Daily Dose

Missing Word
Animated TV Series

Word Ladder
Boston

Quick Pick
'H' Literature

On This Day
August 16th II

You're not logged in!

Compare scores with friends on all Sporcle quizzes.
Join for Free
OR
Log In

You Might Also Like...

Show Comments

Extras

Top Quizzes Today


Score Distribution

Your Account Isn't Verified!

In order to create a playlist on Sporcle, you need to verify the email address you used during registration. Go to your Sporcle Settings to finish the process.

Report this User

Report this user for behavior that violates our Community Guidelines.

Details: